La famiglia naturale non esiste (Record n. 360664)

Dettagli MARC
000 -LEADER
campo di controllo lung. fissa 01399nam a22002177a 4500
003 - Identificatore del numero di controllo
campo di controllo IT-MiCISF
005 - Data e orario dell'ultima transazione
campo di controllo 20251027122842.0
008 - Elementi di lunghezza fissa--Informazione generale
campo di controllo lung. fissa 251027b |||||||| |||| 00| 0 eng d
020 ## - ISBN (International Standard Book Number)
ISBN (International Standard Book Number) 9788858154243
040 ## - Fonte della catalogazione
Agenzia che fa la trascrizione IT-MiCISF
100 ## - Accesso principale -- nome di persona
Nome di persona Saraceno Chiara
9 (RLIN) 56212
245 ## - Formulazione del titolo
Titolo La famiglia naturale non esiste
260 ## - Pubblicazione, distribuzione, ecc. (stampa)
Luogo di pubblicazione, distribuzione, ecc. Roma,
Nome dell'editore, distributore, ecc. Laterza, Bari-Roma,
Data di pubblicazione, distribuzione, ecc. 2025
300 ## - Descrizione fisica
Estensione pp. 183
501 ## - Nota
Nota famiglia, società, diritto, cambiamenti-famiglia, procreazione-artificiale, omosessualità, madre-in-affitto, politica, politica-familiare, stratificazione-sociale
520 ## - Riassunto, ecc.
Nota di riassunto, ecc. La famiglia naturale non esiste: è una invenzione culturale. Peccato che l'aggettivo 'naturale' venga utilizzato molto spesso in Italia per ostacolare tutte le forme di unione, di amore e di filiazione che vanno al di là del puro dato biologico. Con buona pace delle trasformazioni radicali che hanno coinvolto i nostri modi di vivere. La famiglia è infatti il luogo di osservazione privilegiato per raccontare i cambiamenti profondi della cultura e della società, tanto che il libro - alternando riflessioni teoriche, ricostruzione dei cambiamenti avvenuti e memoria personale di tante 'battaglie' intraprese - diventa un ritratto lucidissimo dell'Italia degli ultimi cinquant'anni.
650 ## - Accesso aggiunto di soggetto--termine topico
Termine topico o nome geografico come accesso Famiglia
654 ## - Accesso aggiunto di soggetto--termini topici faccettati
Termine principale intervista
700 ## - Accesso aggiunto--nome di persona
Nome di persona Intervista di Maria Novella De Luca
9 (RLIN) 62672
942 ## - Dati aggiuntivi (Koha)
Fonte della classificazione o dello schema di collocazione (segnatura) Dewey Decimal Classification
Tipo copia default (Koha) LIBRO
Dati di copia
Ritirato (status) Perso (status) Fonte della classificazione o dello schema di collocazione (segnatura) Danneggiato (status) Non per il presito Biblioteca proprietaria Biblioteca in cui si trova Data d'acquisizione Totale prestiti Collocazione Codice a barre Data ultima operazione Prezzo in vigore dal Tipo copia default (Koha)
    Dewey Decimal Classification Buone Condizioni Not For Loan CISF - Milano CISF - Milano 27/10/2025   A2498 9788858154243 27/10/2025 27/10/2025 LIBRO
CREDITS: SOCIETA' SAN PAOLO Via A.Severo, 58 - ROMA (RM) & PERIODICI SAN PAOLO SRL Via Giotto, 36 MILANO & CISF Via Giotto, 36 MILANO & EDIZIONI SAN PAOLO SRL,  Piazza Soncino, 5 CINISELLO BALSAMO (MI) -- ITALY